New York Jets Starting Quarterbacks of Super Bowl Era - Statistics

General Stats
  • This quiz has been taken 467 times
    302 since last reset
  • The average score is 17 of 45
Answer Stats
Answer % Correct
Joe Namath
94%
Zach Wilson
93%
Aaron Rodgers
89%
Mark Sanchez
89%
Sam Darnold
85%
Ryan Fitzpatrick
78%
Geno Smith
75%
Vinny Testaverde
69%
Brett Favre
68%
Chad Pennington
67%
Mike White
62%
Joe Flacco
59%
Josh McCown
57%
Trevor Siemian
52%
Ken O Brien
49%
Michael Vick
48%
Tim Boyle
45%
Boomer Esiason
43%
Josh Johnson
41%
Richard Todd
38%
Neil O Donnell
33%
Bryce Petty
30%
Greg McElroy
23%
Luke Falk
23%
Brooks Bollinger
21%
JJ Jones
21%
Kellen Clemens
20%
Pat Ryan
20%
Frank Reich
19%
Ray Lucas
19%
Browning Nagle
16%
Bob Davis
14%
Bubby Brister
14%
Glenn Foley
14%
Rick Mirer
14%
Al Woodall
13%
Quincy Carter
13%
Tony Eason
11%
Matt Robinson
10%
Marty Domres
7%
Jack Trudeau
6%
Mike Taliaferro
6%
David Norrie
5%
Bill Demory
4%
Kyle Mackey
3%
No matching quizzes found
Score Distribution
Percent of People with Each Score
Percentile by Number Answered
Your Score History
You have not taken this quiz since the last reset